Largest Asian-American Ethnic Groups - Statistics

General Stats
  • This quiz has been taken 40,814 times
    26,501 since last reset
  • The average score is 12 of 15
Answer Stats
# of Residents Answer % Correct
5,549,293 Chinese includes Taiwanese
100%
1,636,634 Japanese
98%
4,797,210 Indian
97%
1,962,184 Korean
95%
2,288,082 Vietnamese
93%
319,617 Thai
89%
161,807 Indonesian
88%
629,946 Pakistani
85%
4,426,904 Filipino
81%
369,562 Cambodian
78%
248,920 Laotian
75%
229,325 Nepalese
62%
261,885 Bangladeshi
58%
248,822 Burmese
57%
368,609 Hmong
19%
No matching quizzes found
Score Distribution
Percent of People with Each Score
Percentile by Number Answered
Your Score History
You have not taken this quiz since the last reset